[Event "GER-ch Net blitz qual2"]
[Site "Playchess.com INT"]
[Date "2021.05.04"]
[Round "11"]
[White "Blum, Frederik"]
[Black "Speck, Stefan"]
[Result "1-0"]
[WhiteElo "1903"]
[BlackElo "1607"]
[PlyCount "69"]
[EventDate "2021.05.04"]
[EventType "swiss (blitz)"]
[EventRounds "11"]
[EventCountry "GER"]
[SourceTitle "CBM 202 Extra"]
[Source "ChessBase"]
[SourceDate "2021.07.31"]
[SourceVersion "1"]
[SourceVersionDate "2021.07.31"]
[SourceQuality "1"]

1. e4 Nf6 2. e5 Nd5 3. c4 Nb6 4. d4 d6 5. exd6 exd6 6. Nc3 Be7 7. Bd3 0-0 8. Nge2 h6 9. 0-0 Nc6 10. b3 Bg4 11. f3 Bh5 12. d5 Ne5 13. Nf4 Nxd3 14. Qxd3 Bg6 15. Nxg6 fxg6 16. Qxg6 Rf6 17. Qd3 Nd7 18. f4 Nc5 19. Qc2 a5 20. g3 Rf8 21. Bb2 Qd7 22. a3 Bf6 23. Rad1 Rae8 24. b4 axb4 25. axb4 Na6 26. Na2 Bxb2 27. Qxb2 Qa4 28. Rd3 Re7 29. Rf2 Rfe8 30. f5 Re1+ 31. Kg2 Rd1 32. f6 Rxd3 33. f7+ Kf8 34. fxe8Q+ Kxe8 35. Qxg7 1-0

[Event "GER-ch Net blitz qual2"]
[Site "Playchess.com INT"]
[Date "2021.05.04"]
[Round "3"]
[White "Mueller, Sebastian1111"]
[Black "Blum, Frederik"]
[Result "0-1"]
[WhiteElo "1695"]
[BlackElo "1903"]
[PlyCount "48"]
[EventDate "2021.05.04"]
[EventType "swiss (blitz)"]
[EventRounds "11"]
[EventCountry "GER"]
[SourceTitle "CBM 202 Extra"]
[Source "ChessBase"]
[SourceDate "2021.07.31"]
[SourceVersion "1"]
[SourceVersionDate "2021.07.31"]
[SourceQuality "1"]

1. d4 Nf6 2. c4 g6 3. Nc3 d5 4. cxd5 Nxd5 5. e4 Nxc3 6. bxc3 Bg7 7. Bc4 c5 8. Ne2 0-0 9. 0-0 Nc6 10. Be3 Bg4 11. f3 Bd7 12. Rb1 Qc7 13. dxc5 Na5 14. Bd5 e6 15. Bb3 Rfd8 16. Qc2 Bf8 17. Kh1 Bxc5 18. Bg5 Re8 19. Rfd1 b5 20. a4 Nxb3 21. Qxb3 bxa4 22. Qc4 Rec8 23. Qa6 Rab8 24. Ra1 Bb5 0-1

[Event "Lueneburg op-A"]
[Site "Lueneburg"]
[Date "2019.08.08"]
[Round "6"]
[White "Kolbus, Dietmar"]
[Black "Blum, Frederik"]
[Result "1-0"]
[WhiteElo "2281"]
[BlackElo "2037"]
[PlyCount "57"]
[EventDate "2019.08.03"]
[EventType "swiss"]
[EventRounds "9"]
[EventCountry "GER"]
[SourceTitle "CBM 191 Extra"]
[Source "ChessBase"]
[SourceDate "2019.09.30"]
[SourceVersion "1"]
[SourceVersionDate "2019.09.30"]
[SourceQuality "1"]

1. c4 e5 2. g3 Nc6 3. Bg2 Bc5 4. Nc3 a6 5. Nf3 Nf6 6. Nxe5 Bxf2+ 7. Kxf2 Nxe5 8. b3 c5 9. Bb2 0-0 10. Rf1 d6 11. Kg1 Qe7 12. Qc2 Be6 13. Rae1 h6 14. e3 Nc6 15. d4 Bg4 16. Qd2 Rae8 17. Nd5 Nxd5 18. cxd5 Nd8 19. dxc5 dxc5 20. Qc3 f6 21. Qc4 Bc8 22. d6+ Qf7 23. Qxc5 Ne6 24. Qb6 Ng5 25. Ba3 Qd7 26. Rc1 Ne6 27. Bh3 Rf7 28. e4 Rd8 29. Bxe6 1-0